000 02239cam a2200289 4500500
005 20251228080727.0
041 _afre
042 _adc
100 1 0 _aKorff-Sausse, Simone
_eauthor
245 0 0 _aUn patient sans parole
260 _c2014.
500 _a7
520 _aComment la psychanalyse, dont l’outil principal est le langage, peut-elle aborder la question de ceux qui ne parlent pas L’auteur se propose d’élargir le champ de la psychanalyse aux patients privés de langage. Ces cliniques sont négligées par les psychanalystes, blessés dans leur narcissisme par ces patients dont l’absence de langage gêne les identifications. Cette personne, atteinte dans son intégrité, nous envoie une image dans laquelle nous avons peur de nous reconnaître. Quand on ne peut pas communiquer par la parole, on communique par le corps et au moyen de l’empathie. L’auteur développe les théories qui postulent qu’il y a du psychique non verbal et que la pensée s’origine dans la sensorialité primitive.
520 _aA patient with no wordsHow can psychoanalysis whose principal tool is language take into account the question of those that do not speak The author proposes to extend the field of psychoanlysis to this group. These clinical questions have been neglected by psychoanalysists, wounded in their own narcissism by patients for whom the absence of language is an obstacle to indentification. This person, whose integrity is damaged, sends us an image in which we might fear to recognize ourselves. When communication is not possible by words, it takes places via the body and through empathy. The author discusses theories that postulate that non verbal mental phenomena exist and that thought originates in primitive sensoriality.
690 _aempathie
690 _aidentification
690 _anon-verbal
690 _asensorialité primitive
690 _aW.R. Bion
690 _aempathy
690 _aidentification
690 _anon verbal
690 _aprimitive sensoriality
690 _aW. R. Bion
786 0 _nVie sociale | 3 | 3 | 2014-01-01 | p. 83-91 | 0042-5605
856 4 1 _uhttps://shs.cairn.info/revue-vie-sociale-2013-3-page-83?lang=fr&redirect-ssocas=7080
999 _c1598716
_d1598716